000 01104nam a2200289 a 4500
001
003 DO-SdBNP
005 20210528135614.0
008 180402s2015 dr ac 000 0 spa d
020 _a9789945586350
040 _aBPMSU
_bspa
_cBPMSU
082 _a972.9356
_bA162g
_222
100 1 _aAbreu Cardet, José Miguel,
_d1951-
245 1 3 _aLa gran indignación :
_bSantiago de los Caballeros 24 de febrero de 1863 (documentos y análisis) /
_cJosé Abreu Cardet ; Elia Sintes Gómez.
260 _aSanto Domingo :
_bArchivo General de la Nación,
_c2015.
300 _a524 p. :
_bil., retrs. ;
_c23 cm.
490 0 _aArchivo General de la Nación
_v242
500 _aIncluye datos biográficos de los autores en las solapas
500 _aIncluye referencias bibliográficas y notas al pie de las páginas
500 _aIncluye índice onomástico
504 _aBibliografía : p. 497-498
590 _aInventariado, 2021/VM
651 4 _aSantiago de los Caballeros (República Dominicana)
_xHistoria
700 1 _aSintes Gómez, Elia,
_d1956-
910 _aVMateo
942 _2ddc
_cBK
999 _c13434
_d13434